Conocimiento y enseñanza de las matemáticas elementales: la comprensión de las matemáticas fundamentales que tienen los profesores en China y los EE.UU

Saved in:
Bibliographic Details
Main Author: Ma, Liping (autora)
Format: Book
Language:Spanish
Published: Santiago Academia Chilena de Ciencias 2010
Edition:1a. ed
Subjects:
Tags: Add Tag
No Tags, Be the first to tag this record!

MARC

LEADER 00000cam a2200000 a 4500
001 UCG3008
003 CL-VaPUC
008 100805e20100300CL |||||||||||||||||spa|d
020 |a 9789568304041 
082 0 4 |a 372.7  |b MAL  |2 21 
100 |a Ma, Liping  |e autora  |9 551742 
245 1 0 |a Conocimiento y enseñanza de las matemáticas elementales: la comprensión de las matemáticas fundamentales que tienen los profesores en China y los EE.UU 
250 |a 1a. ed 
300 |a 207 p 
942 |c BK 
945 |d 20100805 00:00:00  |a mfarfan 
260 |a Santiago  |b Academia Chilena de Ciencias  |c 2010 
650 0 |a Matemática  |9 260235 
650 0 |a Enseñanza  |9 256457 
650 0 |a Métodos de enseñanza  |9 270413 
583 |a last modification  |c 20121019 11:44:54  |k Rodrigo Vera 
999 |c 342108  |d 342106 
952 |0 0  |1 0  |4 0  |6 372_700000000000000_MAL_2010  |7 0  |8 A  |9 438077  |a BIBMAT  |b BIBMAT  |c E_DIDACT  |d 2019-11-22  |i 470181K  |o 372.7 MAL 2010  |p 470181K  |r 2025-01-07  |w 2019-11-22  |y BK  |k MAT 
952 |0 0  |1 0  |4 0  |6 372_700000000000000_MAL_2010  |7 0  |8 A  |9 438078  |a BIBMAT  |b BIBMAT  |c E_DIDACT  |d 2019-11-22  |i 4701828  |o 372.7 MAL 2010  |p 4701828  |r 2025-01-07  |w 2019-11-22  |y BK  |k MAT 
952 |0 0  |1 0  |4 0  |6 372_700000000000000_MAL_2010  |7 0  |8 A  |9 438079  |a BIBMAT  |b BIBMAT  |c E_DIDACT  |d 2019-11-22  |i 4701836  |l 2  |o 372.7 MAL 2010  |p 4701836  |r 2025-01-07  |s 2020-10-23  |w 2019-11-22  |y BK  |k MAT 
952 |0 0  |1 0  |4 0  |6 372_700000000000000_MAL_2010  |7 0  |8 A  |9 438080  |a BIBEDU  |b BIBEDU  |d 2019-11-22  |i 4701844  |l 2  |m 1  |o 372.7 MAL 2010  |p 4701844  |r 2023-08-21  |s 2023-08-21  |w 2019-11-22  |y BK  |k EDU 
952 |0 0  |1 0  |4 0  |6 372_700000000000000_MAL_2010  |7 0  |8 A  |9 438081  |a BIBEDU  |b BIBEDU  |d 2019-11-22  |i 4701852  |o 372.7 MAL 2010  |p 4701852  |r 2019-11-22  |w 2019-11-22  |y BK  |k EDU 
952 |0 0  |1 0  |4 0  |6 372_700000000000000_MAL_2010  |7 0  |8 A  |9 438083  |a BIBEDU  |b BIBEDU  |d 2019-11-22  |i 4916646  |o 372.7 MAL 2010  |p 4916646  |r 2019-11-22  |w 2019-11-22  |y BK  |k EPE